| 000 | 00629nam a22001817a 4500 | ||
|---|---|---|---|
| 999 |
_c63988 _d63988 |
||
| 005 | 20260305095519.0 | ||
| 008 | 260305s2015 enk||||| |||| 00| 0 eng d | ||
| 020 | _a9784431564096x | ||
| 041 | _aeng | ||
| 080 | _a330(520) H-39 | ||
| 100 |
_aHayami, Akira _927050 |
||
| 245 |
_aJapan’s Industrious Revolution: _bEconomic and Social Transformations in the Early Modern Period / _c Akira Hayami. |
||
| 264 |
_aNew York: _bSpringer, _c2015. |
||
| 300 |
_a130 p.; _b24 cm. |
||
| 653 | _aიაპონიის შრომის რევოლუცია | ||
| 653 | _aიაპონია | ||
| 942 |
_2udc _cᲬᲘᲒᲜᲘ |
||